000 01788nam2a22003011 4500
001 rc\3537290
005 20250610033227.0
035 _a(NLR Aleph) 007667928
090 _a6402689
_c6402689
100 _a20130115d1971 |||y0rusy50 ca
101 0 _arus
102 _aRU
105 _ay z |||||
200 1 _aНеорганические и элементорганические соединения
_f[Сост. канд. мед. наук Ж.И. Абрамова, проф. И.Д. Гадаскина, канд. мед. наук А.А. Голубев и др.]
210 _d1971
_aБ. м.
215 _a619 с.
320 _aСписки лит. в тексте
320 _aПеред. указ.: с. 595-607
461 0 _1001rc\3537288
_12001#$aВредные вещества в промышленности$eСправочник для химиков, инженеров и врачей$e[В 2 ч.]$fПод общ. ред. засл. деят. науки, проф. Н.В. Лазарева$v[Ч.] 2
_96402670
_cЛенинград
_d1971-
_e6-е изд., испр. [Ч.] 1-2
_fПод общ. ред. засл. деят. науки, проф. Н.В. Лазарева
_nХимия. Ленингр. отд-ние
_oСправочник для химиков, инженеров и врачей : [В 2 ч.]
_p2 т.
_tВредные вещества в промышленности
_v[Ч.] 2
702 1 _aГадаскина
_bИ.Д.
_4220
702 1 _aГолубев
_bА.А.
_4220
702 1 _4220
_7ca
_8rus
_aАбрамова
_bЖ.И.
_cд-р мед. наук, токсикология
_gЖанна Исааковна
_9235476
_3RU\NLR\AUTH\770235532
801 0 _aRU
_bNLR
_gpsbo
801 1 _aRU
_bELAR
_2rusmarc
852 _aNLR
_j71-5/2192
942 _cBOOK
980 _aNB